[Event "2023 National K-12 Grade Championships"]
[Site "Orlando, Florida, United States"]
[Date "2023.12.15"]
[Round "1.1"]
[White "Huston, Gus"]
[Black "Fischer, Elizabeth"]
[Result "1-0"]
[TimeControl "G/90;d10"]
[WhiteElo "2481"]
[BlackElo "1385"]

1. e4 {[%clk 01:30:00]} e5 {[%clk 01:30:00]} {[%emt 00:00:05]} 2. Nf3 {[%clk
01:30:00]} {[%emt 00:00:04]} Nc6 {[%clk 01:30:00]} {[%emt 00:00:06]} 3. Bc4
{[%clk 01:30:00]} {[%emt 00:00:04]} Bc5 {[%clk 01:30:00]} {[%emt 00:00:06]} 4.
d3 {[%clk 01:30:00]} {[%emt 00:00:03]} h6 {[%clk 01:29:48]} {[%emt 00:00:24]} 5.
c3 {[%clk 01:30:00]} {[%emt 00:00:05]} d6 {[%clk 01:29:04]} {[%emt 00:00:54]} 6.
b4 {[%clk 01:30:00]} {[%emt 00:00:02]} Bb6 {[%clk 01:29:02]} {[%emt 00:00:12]}
7. O-O {[%clk 01:30:00]} {[%emt 00:00:02]} Bg4 {[%clk 01:28:07]} {[%emt
00:01:04]} 8. Nbd2 {[%clk 01:30:00]} {[%emt 00:00:05]} Qf6 {[%clk 01:25:53]}
{[%emt 00:02:24]} 9. a4 {[%clk 01:27:25]} {[%emt 00:02:46]} a5 {[%clk
01:25:05]} {[%emt 00:00:58]} 10. b5 {[%clk 01:27:25]} {[%emt 00:00:07]} Nd8
{[%clk 01:23:59]} {[%emt 00:01:15]} 11. Qb3 {[%clk 01:23:30]} {[%emt 00:04:05]}
Ne7 {[%clk 01:21:25]} {[%emt 00:02:45]} 12. d4 {[%clk 01:17:11]} {[%emt
00:06:29]} exd4 {[%clk 01:18:35]} {[%emt 00:02:59]} 13. cxd4 {[%clk 01:06:42]}
{[%emt 00:10:39]} Bxd4 {[%clk 01:17:48]} {[%emt 00:00:57]} 14. e5 {[%clk
01:03:32]} {[%emt 00:03:20]} dxe5 {[%clk 01:09:49]} {[%emt 00:08:09]} 15. Nxd4
{[%clk 01:02:49]} {[%emt 00:00:54]} exd4 {[%clk 01:09:17]} {[%emt 00:00:42]} 16.
Ba3 {[%clk 01:01:45]} {[%emt 00:01:13]} O-O {[%clk 00:58:18]} {[%emt 00:11:09]}
17. Ne4 {[%clk 00:57:50]} {[%emt 00:04:04]} Qg6 {[%clk 00:53:55]} {[%emt
00:04:33]} 18. Bxe7 {[%clk 00:57:39]} {[%emt 00:00:23]} Re8 {[%clk 00:53:55]}
{[%emt 00:00:03]} 19. Bxd8 {[%clk 00:56:58]} {[%emt 00:00:52]} Raxd8 {[%clk
00:52:20]} {[%emt 00:01:46]} 20. Nc5 {[%clk 00:56:26]} {[%emt 00:00:41]} b6
{[%clk 00:50:31]} {[%emt 00:02:00]} 21. Nd3 {[%clk 00:56:08]} {[%emt 00:00:28]}
Re4 {[%clk 00:45:13]} {[%emt 00:05:26]} 22. f3 {[%clk 00:55:54]} {[%emt
00:00:26]} Bh3 {[%clk 00:43:06]} {[%emt 00:02:15]} 23. Bxf7+ {[%clk 00:54:45]}
{[%emt 00:01:20]} 1-0

[Event "2023 National K-12 Grade Championships"]
[Site "Orlando, Florida, United States"]
[Date "2023.12.15"]
[Round "1.2"]
[White "Baez, Christopher"]
[Black "Lu, Maximillian"]
[Result "0-1"]
[TimeControl "G/90;d10"]
[WhiteElo "1353"]
[BlackElo "2436"]

1. e4 {[%clk 01:30:00]} {[%emt 00:00:07]} a6 {[%clk 01:29:53]} {[%emt
00:00:17]} 2. Nf3 {[%clk 01:29:56]} {[%emt 00:00:14]} c6 {[%clk 01:29:38]}
{[%emt 00:00:25]} 3. d4 {[%clk 01:29:31]} {[%emt 00:00:35]} d5 {[%clk
01:29:38]} 4. e5 {[%clk 01:29:26]} {[%emt 00:00:17]} Bg4 {[%clk 01:29:19]}
{[%emt 00:00:28]} 5. Be2 {[%clk 01:27:55]} {[%emt 00:01:41]} e6 {[%clk
01:29:19]} {[%emt 00:00:07]} 6. Nbd2 {[%clk 01:27:16]} {[%emt 00:00:49]} c5
{[%clk 01:29:19]} {[%emt 00:00:11]} 7. c3 {[%clk 01:26:49]} {[%emt 00:00:36]}
Nc6 {[%clk 01:29:19]} {[%emt 00:00:09]} 8. h3 {[%clk 01:24:48]} {[%emt
00:02:11]} Bh5 {[%clk 01:27:54]} {[%emt 00:01:36]} 9. Nf1 {[%clk 01:21:42]}
{[%emt 00:03:16]} Bxf3 {[%clk 01:27:18]} {[%emt 00:00:46]} 10. Bxf3 {[%clk
01:20:45]} {[%emt 00:01:06]} cxd4 {[%clk 01:27:18]} {[%emt 00:00:09]} 11. cxd4
{[%clk 01:19:45]} {[%emt 00:01:09]} Bb4+ {[%clk 01:27:18]} {[%emt 00:00:02]} 12.
Ke2 {[%clk 01:15:59]} {[%emt 00:03:56]} f6 {[%clk 01:26:07]} {[%emt 00:01:22]}
13. a3 {[%clk 01:13:45]} {[%emt 00:02:24]} Ba5 {[%clk 01:25:52]} {[%emt
00:00:24]} 14. b4 {[%clk 01:12:10]} {[%emt 00:01:45]} Bc7 {[%clk 01:24:14]}
{[%emt 00:01:47]} 15. Bb2 {[%clk 00:55:52]} {[%emt 00:16:28]} fxe5 {[%clk
01:23:00]} {[%emt 00:01:25]} 16. dxe5 {[%clk 00:54:57]} {[%emt 00:01:05]} Bxe5
{[%clk 01:22:36]} {[%emt 00:00:33]} 17. Bxe5 {[%clk 00:52:39]} {[%emt
00:02:29]} Nxe5 {[%clk 01:22:36]} {[%emt 00:00:03]} 18. Qd4 {[%clk 00:51:08]}
{[%emt 00:01:42]} Qf6 {[%clk 01:20:21]} {[%emt 00:02:23]} 19. Nd2 {[%clk
00:48:43]} {[%emt 00:02:36]} Ne7 {[%clk 01:20:05]} {[%emt 00:00:26]} 20. Rac1
{[%clk 00:47:02]} {[%emt 00:01:50]} N7c6 {[%clk 01:18:48]} {[%emt 00:01:28]} 21.
Qc5 {[%clk 00:44:41]} {[%emt 00:02:31]} Rc8 {[%clk 01:17:28]} {[%emt 00:01:30]}
22. b5 {[%clk 00:40:13]} {[%emt 00:04:38]} axb5 {[%clk 01:13:35]} {[%emt
00:04:05]} 23. Rhe1 {[%clk 00:38:03]} {[%emt 00:02:19]} Nc4 {[%clk 01:08:51]}
{[%emt 00:04:54]} 24. Nb3 {[%clk 00:27:47]} {[%emt 00:10:24]} Kf7 {[%clk
01:04:57]} {[%emt 00:04:05]} 25. Kf1 {[%clk 00:25:57]} {[%emt 00:02:01]} N6a5
{[%clk 01:04:04]} {[%emt 00:01:03]} 26. Rxe6 {[%clk 00:22:23]} {[%emt
00:03:43]} Qxe6 {[%clk 01:00:24]} {[%emt 00:03:50]} 27. Bxd5 {[%clk 00:20:11]}
{[%emt 00:02:22]} Rxc5 {[%clk 01:00:21]} {[%emt 00:00:13]} 28. Bxe6+ {[%clk
00:19:58]} {[%emt 00:00:23]} Kxe6 {[%clk 01:00:21]} 29. Nxc5+ {[%clk 00:19:56]}
{[%emt 00:00:13]} Kd5 {[%clk 01:00:02]} {[%emt 00:00:29]} 30. Nd3 {[%clk
00:19:20]} {[%emt 00:00:47]} Nb3 {[%clk 00:58:30]} {[%emt 00:01:40]} 31. Rd1
{[%clk 00:16:54]} {[%emt 00:02:36]} Ncd2+ {[%clk 00:58:09]} {[%emt 00:00:31]}
32. Kg1 {[%clk 00:16:34]} {[%emt 00:00:29]} Rc8 {[%clk 00:55:38]} {[%emt
00:02:42]} 33. Nb4+ {[%clk 00:15:02]} {[%emt 00:01:43]} Kd4 {[%clk 00:55:17]}
{[%emt 00:00:29]} 34. f3 {[%clk 00:14:44]} {[%emt 00:00:29]} Rc1 {[%clk
00:55:15]} {[%emt 00:00:12]} 35. Rxc1 {[%clk 00:14:11]} {[%emt 00:00:43]} Nxc1
{[%clk 00:55:15]} {[%emt 00:00:02]} 36. Kf2 {[%clk 00:14:02]} {[%emt 00:00:17]}
Nc4 {[%clk 00:54:48]} {[%emt 00:00:38]} 37. Nc2+ {[%clk 00:12:26]} {[%emt
00:01:47]} Kc3 {[%clk 00:54:48]} 38. Ne3 {[%clk 00:11:47]} {[%emt 00:00:48]}
Nd3+ {[%clk 00:54:48]} {[%emt 00:00:02]} 39. Ke2 {[%clk 00:11:22]} {[%emt
00:00:35]} Nf4+ {[%clk 00:54:48]} {[%emt 00:00:02]} 40. Kf2 {[%clk 00:11:02]}
{[%emt 00:00:29]} Nxe3 {[%clk 00:54:48]} {[%emt 00:00:02]} 41. Kxe3 {[%clk
00:11:02]} {[%emt 00:00:06]} Nxg2 {[%clk 00:54:48]} {[%emt 00:00:03]} 42. Kf2
{[%clk 00:10:54]} {[%emt 00:00:18]} Nh4 {[%clk 00:54:48]} {[%emt 00:00:08]} 0-1

[Event "2023 National K-12 Grade Championships"]
[Site "Orlando, Florida, United States"]
[Date "2023.12.15"]
[Round "1.3"]
[White "Cruz, Jean Marco"]
[Black "Klimjack, Michael"]
[Result "1-0"]
[TimeControl "G/90;d10"]
[WhiteElo "2270"]
[BlackElo "1348"]

1. Nf3 {[%clk 01:30:00]} {[%emt 00:00:05]} d5 {[%clk 01:29:56]} {[%emt
00:00:15]} 2. d4 {[%clk 01:29:59]} {[%emt 00:00:11]} Bf5 {[%clk 01:29:47]}
{[%emt 00:00:19]} 3. c4 {[%emt 00:01:16]} Nf6 {[%clk 01:28:47]} {[%emt
00:00:27]} 4. Nc3 {[%clk 01:29:32]} {[%emt 00:00:14]} c6 {[%clk 01:28:36]}
{[%emt 00:00:21]} 5. Qb3 {[%emt 00:02:12]} Qb6 {[%clk 01:27:03]} {[%emt
00:00:03]} 6. c5 {[%clk 01:29:03]} {[%emt 00:00:17]} Qxb3 {[%clk 01:25:47]}
{[%emt 00:01:25]} 7. axb3 {[%emt 00:02:26]} Na6 {[%emt 00:08:00]} 8. Ne5 {[%emt
00:18:27]} Bc2 {[%emt 00:04:31]} 9. Nxc6 {[%emt 00:10:05]} Nc7 {[%clk
00:58:23]} {[%emt 00:03:04]} 10. Nxa7 {[%emt 00:10:27]} Ne4 {[%emt 00:16:30]}
11. Ra3 {[%emt 00:09:00]} e5 {[%clk 00:36:51]} {[%emt 00:01:07]} 12. e3 {[%emt
00:04:57]} Nxc3 {[%clk 00:33:04]} {[%emt 00:00:14]} 13. bxc3 {[%clk 00:54:59]}
{[%emt 00:00:09]} b6 {[%clk 00:32:34]} {[%emt 00:00:38]} 14. Nb5 {[%clk
00:51:16]} {[%emt 00:03:52]} Rxa3 {[%clk 00:32:27]} {[%emt 00:00:17]} 15. Bxa3
{[%emt 00:01:55]} Nxb5 {[%emt 00:04:04]} 16. Bxb5+ {[%clk 00:49:13]} {[%emt
00:00:24]} Kd8 {[%clk 00:28:34]} {[%emt 00:00:03]} 17. Kd2 {[%emt 00:04:50]}
Bxb3 {[%clk 00:25:05]} {[%emt 00:00:31]} 18. Rb1 {[%clk 00:47:42]} {[%emt
00:00:05]} exd4 {[%emt 00:01:37]} 19. Rxb3 {[%emt 00:02:45]} bxc5 {[%clk
00:22:15]} {[%emt 00:01:02]} 20. exd4 {[%emt 00:01:46]} c4 {[%clk 00:21:44]}
{[%emt 00:00:37]} 21. Bxc4 {[%clk 00:44:05]} {[%emt 00:00:11]} Kc7 {[%clk
00:21:44]} {[%emt 00:00:02]} 22. Bxd5 {[%clk 00:44:05]} {[%emt 00:00:11]} Bxa3
{[%clk 00:21:44]} {[%emt 00:00:08]} 23. Rxa3 {[%clk 00:44:05]} {[%emt
00:00:05]} Rb8 {[%clk 00:21:38]} {[%emt 00:00:15]} 24. Kd3 {[%clk 00:43:45]}
{[%emt 00:00:30]} Kd6 {[%clk 00:21:20]} {[%emt 00:00:28]} 25. Ra6+ {[%clk
00:43:40]} {[%emt 00:00:15]} Ke7 {[%clk 00:21:05]} {[%emt 00:00:24]} 26. Ra7+
{[%clk 00:43:40]} {[%emt 00:00:09]} Kd6 {[%clk 00:21:01]} {[%emt 00:00:14]} 27.
c4 {[%clk 00:43:38]} {[%emt 00:00:12]} Rb1 {[%clk 00:18:53]} {[%emt 00:02:18]}
28. Bf3 {[%clk 00:43:15]} {[%emt 00:00:32]} Ke6 {[%clk 00:17:49]} {[%emt
00:01:14]} 29. c5 {[%emt 00:01:42]} Rc1 {[%clk 00:16:10]} {[%emt 00:00:14]} 30.
d5+ {[%clk 00:42:45]} {[%emt 00:00:40]} Kf6 {[%clk 00:16:10]} {[%emt 00:00:06]}
31. c6 {[%clk 00:42:45]} {[%emt 00:00:09]} g5 {[%clk 00:15:25]} {[%emt
00:00:55]} 32. d6 {[%clk 00:42:45]} {[%emt 00:00:09]} g4 {[%clk 00:14:32]}
{[%emt 00:01:03]} 33. d7 {[%clk 00:42:39]} {[%emt 00:00:15]} gxf3 {[%clk
00:14:28]} {[%emt 00:00:15]} 34. d8=Q+ {[%emt 00:00:48]} Kg7 {[%clk 00:14:04]}
{[%emt 00:00:03]} 35. Qg5+ {[%clk 00:42:39]} {[%emt 00:00:05]} Kf8 {[%clk
00:13:53]} {[%emt 00:00:21]} 36. Ra8# {[%emt 00:01:14]} 1-0

[Event "2023 National K-12 Grade Championships"]
[Site "Orlando, Florida, United States"]
[Date "2023.12.15"]
[Round "1.4"]
[White "Montgomery, Rhett"]
[Black "Karthik, Advaith"]
[Result "0-1"]
[TimeControl "G/90;d10"]
[WhiteElo "1297"]
[BlackElo "2241"]

1. e4 {[%clk 01:30:00]} {[%emt 00:00:03]} c5 {[%clk 01:30:00]} {[%emt
00:00:05]} 2. Nf3 {[%clk 01:30:00]} {[%emt 00:00:05]} Nc6 {[%clk 01:30:00]}
{[%emt 00:00:03]} 3. Bc4 {[%emt 00:01:04]} g6 {[%emt 00:00:33]} 4. O-O {[%clk
01:29:05]} {[%emt 00:00:23]} Bg7 {[%emt 00:01:03]} 5. d3 {[%emt 00:01:05]} d6
{[%emt 00:02:44]} 6. Nc3 {[%clk 01:24:46]} {[%emt 00:00:41]} Nf6 {[%emt
00:00:26]} 7. Be3 {[%clk 01:24:02]} {[%emt 00:00:41]} O-O {[%emt 00:02:16]} 8.
Qd2 {[%emt 00:00:28]} Ng4 {[%emt 00:04:36]} 9. Bf4 {[%emt 00:03:09]} a6 {[%emt
00:01:51]} 10. h3 {[%clk 01:15:29]} {[%emt 00:00:27]} Nge5 {[%emt 00:00:35]} 11.
Nxe5 {[%clk 01:14:39]} {[%emt 00:00:30]} Nxe5 {[%emt 00:04:50]} 12. Bb3 {[%emt
00:07:27]} b5 {[%emt 00:09:01]} 13. a3 {[%emt 00:06:38]} Rb8 {[%emt 00:06:57]}
14. Rab1 {[%emt 00:08:41]} Nc6 {[%emt 00:12:44]} 15. Bh6 {[%clk 00:41:44]}
{[%emt 00:00:09]} Nd4 {[%emt 00:00:27]} 16. Bxg7 {[%clk 00:41:00]} {[%emt
00:00:34]} Kxg7 {[%emt 00:01:53]} 17. Ba2 {[%emt 00:01:25]} Bxh3 {[%emt
00:05:39]} 18. f4 {[%clk 00:33:48]} {[%emt 00:00:04]} Be6 {[%emt 00:03:57]} 19.
Nd5 {[%clk 00:29:55]} {[%emt 00:00:12]} Bxd5 {[%clk 01:01:50]} {[%emt
00:00:13]} 20. Bxd5 {[%clk 00:29:51]} {[%emt 00:00:13]} e6 {[%emt 00:04:17]} 21.
c3 {[%emt 00:00:56]} exd5 {[%clk 01:00:25]} {[%emt 00:00:46]} 22. cxd4 {[%emt
00:02:30]} dxe4 {[%emt 00:00:55]} 23. dxe4 {[%emt 00:02:19]} f5 {[%emt
00:04:20]} 24. dxc5 {[%clk 00:21:26]} {[%emt 00:00:03]} dxc5 {[%emt 00:00:40]}
25. Qc3+ {[%clk 00:20:46]} {[%emt 00:00:20]} Qd4+ {[%clk 00:55:29]} {[%emt
00:00:05]} 26. Qxd4+ {[%clk 00:20:46]} {[%emt 00:00:08]} cxd4 {[%clk 00:55:29]}
27. e5 {[%emt 00:04:54]} Kf7 {[%emt 00:02:32]} 28. Rfd1 {[%clk 00:17:55]}
{[%emt 00:00:17]} Rfd8 {[%emt 00:01:13]} 29. Rd2 {[%emt 00:03:59]} Rbc8 {[%emt
00:02:38]} 30. Rbd1 {[%clk 00:14:32]} {[%emt 00:00:22]} Rc4 {[%emt 00:00:42]}
31. Kf2 {[%clk 00:13:46]} {[%emt 00:00:18]} a5 {[%emt 00:02:58]} 32. Rd3 {[%emt
00:04:32]} a4 {[%emt 00:02:42]} 33. Kf3 {[%emt 00:00:28]} Ke6 {[%emt 00:00:57]}
34. b3 {[%emt 00:01:40]} Rc3 {[%emt 00:02:15]} 35. bxa4 {[%clk 00:04:12]}
{[%emt 00:00:01]} Rxd3+ {[%clk 00:42:13]} {[%emt 00:00:02]} 36. Rxd3 {[%clk
00:04:12]} {[%emt 00:00:04]} bxa4 {[%clk 00:42:13]} {[%emt 00:00:05]} 37. g4
{[%emt 00:01:22]} fxg4+ {[%clk 00:41:46]} {[%emt 00:00:07]} 38. Kxg4 {[%clk
00:03:30]} {[%emt 00:00:02]} Kd5 {[%clk 00:41:46]} {[%emt 00:00:06]} 39. Kf3
{[%clk 00:03:30]} {[%emt 00:00:10]} Rb8 {[%emt 00:01:08]} 40. Ke2 {[%clk
00:02:40]} {[%emt 00:00:08]} Ke4 {[%emt 00:01:10]} 41. Rd2 {[%clk 00:01:09]}
{[%emt 00:00:42]} Rd8 {[%emt 00:00:43]} 42. Kf2 {[%clk 00:00:22]} {[%emt
00:00:24]} Kxf4 {[%clk 00:41:40]} {[%emt 00:00:07]} 43. e6 {[%clk 00:00:22]}
{[%emt 00:00:02]} Ke5 {[%clk 00:41:21]} {[%emt 00:00:29]} 44. e7 {[%clk
00:00:20]} {[%emt 00:00:11]} Re8 {[%clk 00:41:21]} {[%emt 00:00:04]} 45. Re2+
{[%clk 00:00:20]} {[%emt 00:00:05]} Kf6 {[%clk 00:41:04]} {[%emt 00:00:26]} 46.
Re4 {[%clk 00:00:20]} {[%emt 00:00:05]} Rxe7 {[%clk 00:41:04]} {[%emt
00:00:07]} 47. Rxd4 {[%clk 00:00:20]} {[%emt 00:00:03]} Ra7 {[%clk 00:41:04]}
{[%emt 00:00:07]} 48. Kf3 {[%clk 00:00:18]} {[%emt 00:00:12]} Ra5 {[%clk
00:41:01]} {[%emt 00:00:12]} 49. Kf4 {[%emt 00:00:19]} h5 {[%clk 00:40:57]}
{[%emt 00:00:10]} 50. Rd6+ {[%clk 00:00:15]} {[%emt 00:00:05]} Kg7 {[%clk
00:40:57]} {[%emt 00:00:03]} 51. Rd4 {[%clk 00:00:15]} {[%emt 00:00:05]} Kh6
{[%clk 00:40:57]} {[%emt 00:00:04]} 52. Ke3 {[%clk 00:00:07]} {[%emt 00:00:17]}
Kg5 {[%clk 00:40:57]} {[%emt 00:00:08]} 53. Ke4 {[%clk 00:00:07]} {[%emt
00:00:09]} Rf5 {[%clk 00:40:53]} {[%emt 00:00:12]} 54. Ke3 {[%clk 00:00:07]}
{[%emt 00:00:09]} h4 {[%clk 00:40:43]} {[%emt 00:00:20]} 55. Rxa4 {[%clk
00:00:07]} {[%emt 00:00:09]} h3 {[%clk 00:40:43]} {[%emt 00:00:04]} 56. Rb4
{[%clk 00:00:07]} {[%emt 00:00:06]} h2 {[%clk 00:40:41]} {[%emt 00:00:11]} 57.
Rb1 {[%clk 00:00:07]} {[%emt 00:00:03]} Kg4 {[%clk 00:40:41]} {[%emt 00:00:06]}
58. a4 {[%clk 00:00:05]} {[%emt 00:00:13]} Kg3 {[%clk 00:40:41]} {[%emt
00:00:05]} 59. Ra1 {[%emt 00:00:11]} Kg2 {[%clk 00:40:12]} {[%emt 00:00:34]} 60.
Ra2+ {[%clk 00:00:05]} {[%emt 00:00:02]} Kg1 {[%clk 00:40:12]} {[%emt
00:00:07]} 61. Kd3 {[%emt 00:00:19]} 0-1

[Event "2023 National K-12 Grade Championships"]
[Site "Orlando, Florida, United States"]
[Date "2023.12.15"]
[Round "1.5"]
[White "Chasin, Nico Werner"]
[Black "Alvarez, Alexander"]
[Result "1-0"]
[TimeControl "G/90;d10"]
[WhiteElo "2514"]
[BlackElo "1465"]

1. e4 {[%clk 01:29:59]} {[%emt 00:00:10]} c5 {[%clk 01:29:52]} {[%emt
00:00:18]} 2. Nf3 {[%clk 01:29:59]} {[%emt 00:00:07]} Nc6 {[%clk 01:29:50]}
{[%emt 00:00:14]} 3. d4 {[%clk 01:29:59]} {[%emt 00:00:08]} e6 {[%clk
01:29:49]} {[%emt 00:00:12]} 4. d5 {[%clk 01:29:59]} {[%emt 00:00:06]} exd5
{[%clk 01:29:32]} {[%emt 00:00:27]} 5. exd5 {[%clk 01:29:59]} {[%emt 00:00:06]}
Nce7 {[%clk 01:29:07]} {[%emt 00:00:36]} 6. d6 {[%clk 01:29:56]} {[%emt
00:00:12]} Ng6 {[%clk 01:27:49]} {[%emt 00:01:28]} 7. Qe2+ {[%clk 01:29:56]}
{[%emt 00:00:05]} N8e7 {[%clk 01:27:47]} {[%emt 00:00:12]} 8. Nc3 {[%clk
01:29:56]} {[%emt 00:00:06]} b6 {[%clk 01:26:26]} {[%emt 00:01:32]} 9. Nd5
{[%clk 01:27:45]} {[%emt 00:02:21]} f6 {[%clk 01:25:09]} {[%emt 00:01:27]} 10.
Nc7+ {[%clk 01:27:45]} {[%emt 00:00:06]} Kf7 {[%clk 01:24:44]} {[%emt
00:00:34]} 11. Qc4+ {[%clk 01:27:45]} {[%emt 00:00:02]} 1-0

[Event "2023 National K-12 Grade Championships"]
[Site "Orlando, Florida, United States"]
[Date "2023.12.15"]
[Round "1.6"]
[White "Pramod, Ankit"]
[Black "Levine, Joseph"]
[Result "0-1"]
[TimeControl "G/90;d10"]
[WhiteElo "1457"]
[BlackElo "2415"]

1. e4 {[%clk 01:30:00]} {[%emt 00:00:06]} e6 {[%clk 01:30:00]} {[%emt
00:00:07]} 2. d4 {[%clk 01:30:00]} {[%emt 00:00:09]} d5 {[%clk 01:30:00]}
{[%emt 00:00:05]} 3. exd5 {[%clk 01:29:59]} {[%emt 00:00:12]} exd5 {[%clk
01:30:00]} {[%emt 00:00:05]} 4. Nc3 {[%clk 01:28:51]} {[%emt 00:01:19]} Nf6
{[%clk 01:29:48]} {[%emt 00:00:22]} 5. Bd3 {[%clk 01:28:06]} {[%emt 00:00:54]}
Nc6 {[%clk 01:29:41]} {[%emt 00:00:18]} 6. Nf3 {[%clk 01:27:32]} {[%emt
00:00:44]} Bg4 {[%clk 01:28:28]} {[%emt 00:01:23]} 7. Be3 {[%clk 01:26:19]}
{[%emt 00:01:23]} Bd6 {[%clk 01:27:19]} {[%emt 00:01:19]} 8. h3 {[%clk
01:20:23]} {[%emt 00:06:06]} Bh5 {[%clk 01:24:54]} {[%emt 00:02:35]} 9. g4
{[%emt 00:03:03]} Bg6 {[%clk 01:24:49]} 10. a3 {[%clk 01:12:30]} {[%emt
00:05:26]} O-O {[%clk 01:21:28]} {[%emt 00:03:29]} 11. Bxg6 {[%clk 01:04:26]}
{[%emt 00:08:15]} fxg6 {[%clk 01:17:43]} {[%emt 00:03:56]} 12. Qe2 {[%clk
01:02:27]} {[%emt 00:02:09]} Qe7 {[%clk 01:13:33]} {[%emt 00:04:20]} 13. Qb5
{[%clk 00:58:50]} {[%emt 00:03:47]} a6 {[%clk 01:11:12]} {[%emt 00:02:30]} 14.
Qb3 {[%clk 00:53:21]} {[%emt 00:05:39]} Kh8 {[%clk 01:06:31]} {[%emt 00:04:51]}
15. O-O-O {[%clk 00:42:06]} {[%emt 00:11:25]} Na5 {[%clk 01:04:26]} {[%emt
00:02:15]} 16. Qa4 {[%clk 00:40:06]} {[%emt 00:02:10]} Nc4 {[%clk 01:03:10]}
{[%emt 00:01:27]} 17. Rhe1 {[%clk 00:32:48]} {[%emt 00:07:27]} b5 {[%clk
01:01:08]} {[%emt 00:02:12]} 18. Qb3 {[%clk 00:32:20]} {[%emt 00:00:38]} c6
{[%clk 01:00:10]} {[%emt 00:01:08]} 19. Nd2 {[%clk 00:29:17]} {[%emt 00:03:12]}
Na5 {[%clk 00:54:15]} {[%emt 00:06:05]} 20. Qa2 {[%clk 00:27:07]} {[%emt
00:02:20]} Qf7 {[%clk 00:52:48]} {[%emt 00:01:37]} 21. Ne2 {[%clk 00:23:23]}
{[%emt 00:03:54]} Nd7 {[%clk 00:51:26]} {[%emt 00:01:33]} 22. Nb3 {[%clk
00:21:40]} {[%emt 00:01:52]} Nc4 {[%clk 00:50:54]} {[%emt 00:00:43]} 23. Nc5
{[%clk 00:21:22]} {[%emt 00:00:27]} Bxc5 {[%clk 00:49:33]} {[%emt 00:01:31]} 24.
dxc5 {[%clk 00:21:17]} {[%emt 00:00:15]} Nxe3 {[%clk 00:49:13]} {[%emt
00:00:30]} 25. fxe3 {[%clk 00:21:17]} {[%emt 00:00:09]} Nxc5 {[%clk 00:49:04]}
{[%emt 00:00:20]} 26. Nd4 {[%clk 00:19:39]} {[%emt 00:01:47]} Qe8 {[%clk
00:44:30]} {[%emt 00:04:44]} 27. Re2 {[%clk 00:18:11]} {[%emt 00:01:36]} a5
{[%clk 00:43:34]} {[%emt 00:01:07]} 28. b3 {[%clk 00:15:17]} {[%emt 00:03:04]}
Ne4 {[%clk 00:42:37]} {[%emt 00:01:07]} 29. Qb2 {[%clk 00:14:45]} {[%emt
00:00:42]} c5 {[%clk 00:42:25]} {[%emt 00:00:22]} 30. Rd3 {[%clk 00:13:23]}
{[%emt 00:01:31]} Rf1+ {[%emt 00:02:58]} 0-1

[Event "2023 National K-12 Grade Championships"]
[Site "Orlando, Florida, United States"]
[Date "2023.12.15"]
[Round "1.7"]
[White "Kaplan, Avi Harrison"]
[Black "Aronian, Laurel"]
[Result "1-0"]
[TimeControl "G/90;d10"]
[WhiteElo "2306"]
[BlackElo "1455"]

1. c3 {[%clk 01:30:00]} {[%emt 00:00:04]} Nf6 {[%clk 01:29:56]} {[%emt
00:00:14]} 2. Na3 {[%clk 01:27:57]} {[%emt 00:02:14]} g6 {[%clk 01:29:23]}
{[%emt 00:00:43]} 3. Nc2 {[%clk 01:27:55]} {[%emt 00:00:12]} Bg7 {[%clk
01:28:59]} {[%emt 00:00:35]} 4. Nf3 {[%clk 01:27:06]} {[%emt 00:00:59]} d6
{[%clk 01:28:28]} {[%emt 00:00:41]} 5. d4 {[%clk 01:26:48]} {[%emt 00:00:28]}
O-O {[%clk 01:27:49]} {[%emt 00:00:49]} 6. g3 {[%clk 01:26:29]} {[%emt
00:00:29]} Bf5 {[%clk 01:23:21]} {[%emt 00:04:38]} 7. Bg2 {[%clk 01:24:31]}
{[%emt 00:02:08]} Nc6 {[%clk 01:20:46]} {[%emt 00:02:46]} 8. O-O {[%clk
01:03:09]} {[%emt 00:21:31]} Re8 {[%clk 01:18:58]} {[%emt 00:01:58]} 9. Nd2
{[%clk 00:59:38]} {[%emt 00:03:41]} Qd7 {[%clk 01:07:08]} {[%emt 00:11:59]} 10.
Re1 {[%clk 00:54:44]} {[%emt 00:05:03]} e5 {[%clk 00:59:28]} {[%emt 00:07:50]}
11. d5 {[%clk 00:54:29]} {[%emt 00:00:25]} Ne7 {[%clk 00:56:07]} {[%emt
00:03:31]} 12. Ne3 {[%clk 00:47:44]} {[%emt 00:06:55]} Bh3 {[%clk 00:46:21]}
{[%emt 00:09:56]} 13. Bh1 {[%clk 00:47:19]} {[%emt 00:00:34]} Nf5 {[%clk
00:40:41]} {[%emt 00:05:50]} 14. Nxf5 {[%clk 00:45:57]} {[%emt 00:01:32]} gxf5
{[%clk 00:34:40]} {[%emt 00:06:12]} 15. a4 {[%clk 00:38:54]} {[%emt 00:07:12]}
Kh8 {[%clk 00:29:33]} {[%emt 00:05:17]} 16. a5 {[%clk 00:38:43]} {[%emt
00:00:22]} Rg8 {[%clk 00:23:33]} {[%emt 00:06:10]} 17. Qa4 {[%clk 00:28:34]}
{[%emt 00:10:18]} Qd8 {[%clk 00:11:21]} {[%emt 00:12:21]} 18. Qh4 {[%clk
00:18:25]} {[%emt 00:10:19]} Bg4 {[%clk 00:10:20]} {[%emt 00:01:12]} 19. Nf1
{[%emt 00:04:23]} Bf8 {[%clk 00:04:08]} {[%emt 00:02:53]} 20. h3 {[%clk
00:17:02]} {[%emt 00:00:48]} Bh5 {[%clk 00:04:03]} {[%emt 00:00:15]} 21. Bg5
{[%clk 00:16:57]} {[%emt 00:00:14]} Rg6 {[%clk 00:01:25]} {[%emt 00:02:49]} 22.
Bxf6+ {[%clk 00:16:47]} {[%emt 00:00:20]} Qxf6 {[%clk 00:01:25]} {[%emt
00:00:07]} 23. Qxh5 {[%clk 00:16:29]} {[%emt 00:00:27]} Rh6 {[%clk 00:01:23]}
{[%emt 00:00:13]} 24. Qf3 {[%clk 00:16:29]} {[%emt 00:00:05]} Rxh3 {[%clk
00:01:06]} {[%emt 00:00:27]} 25. Bg2 {[%clk 00:16:16]} {[%emt 00:00:22]} Rh6
{[%clk 00:01:00]} {[%emt 00:00:18]} 26. Ne3 {[%clk 00:16:16]} {[%emt 00:00:05]}
Bg7 {[%clk 00:00:17]} {[%emt 00:00:54]} 27. Qxf5 {[%clk 00:16:03]} {[%emt
00:00:23]} Qe7 {[%clk 00:00:06]} {[%emt 00:00:21]} 28. Ra4 {[%clk 00:15:47]}
{[%emt 00:00:26]} Bf6 {[%clk 00:00:06]} {[%emt 00:00:07]} 29. Ng4 {[%clk
00:15:39]} {[%emt 00:00:18]} Rg6 {[%clk 00:00:06]} {[%emt 00:00:06]} 30. Nxf6
{[%clk 00:15:39]} {[%emt 00:00:07]} Rxf6 {[%clk 00:00:06]} {[%emt 00:00:05]} 31.
Qh3 {[%clk 00:15:33]} {[%emt 00:00:15]} Rg8 {[%clk 00:00:06]} {[%emt 00:00:09]}
32. Rh4 {[%clk 00:15:33]} {[%emt 00:00:05]} Rg7 {[%clk 00:00:06]} {[%emt
00:00:08]} 33. Be4 {[%emt 00:00:29]} 1-0